| 000 | 00365nam a22001217a 4500 | ||
|---|---|---|---|
| 082 | _a220 PRO | ||
| 100 |
_aUSMAN,IMTIAZ,PAMIR ALY _972398 |
||
| 245 | _aPR-SOF-1082-SCADA APPLICATION ON INDUSTRIAL AUTOMATION | ||
| 260 |
_aISLAMABAD _bNUST COLLEGE OF EME _c2011 |
||
| 650 |
_aDE-MTS-29 _972399 |
||
| 700 |
_aSUPERVISOR DR JAVED IQBAL,KOMAL RAUF _972400 |
||
| 942 | _cCR | ||
| 999 |
_c578449 _d578449 |
||